书目信息 |
| 题名: |
计算机基础学习指导与实训
|
|
| 作者: | 柳逐文 , 唐铸文 主编 | |
| 分册: | ||
| 出版信息: | 武汉 华中工学院出版社 2002.06 |
|
| 页数: | 172页 | |
| 开本: | ||
| 丛书名: | ||
| 单 册: | ||
| 中图分类: | TP3-42 | |
| 科图分类: | ||
| 主题词: | 计算技术 , 电子计算机 | |
| 电子资源: | ||
| ISBN: | 7-5609-2821-8 | |
| 000 | 00655nam0 2200217 45 | |
| 001 | 0441252132 | |
| 005 | 2004042211273091 | |
| 010 | @a7-5609-2821-8@dCNY 15.80 | |
| 100 | @a20040422d2002 km y0chiy0120 ea | |
| 101 | 0 | @achi |
| 102 | @aCN@b420000 | |
| 200 | 1 | @a计算机基础学习指导与实训@AJi Suan Ji Ji Chu Xue Xi Zhi Dao Yu Shi Xun@f柳逐文,唐铸文主编@FLiu Zhu Wen,Tang Zhu Wen Zhu Bian |
| 210 | @a武汉@c华中工学院出版社@d2002.06 | |
| 215 | @a172页 | |
| 606 | 0 | @a计算技术 |
| 606 | 0 | @a电子计算机 |
| 690 | @aTP3-42@v3 | |
| 701 | 0 | @a柳逐文@ALiu Zhu Wen@4主编 |
| 701 | 0 | @a唐铸文@ATang Zhu Wen@4主编 |
| 801 | 0 | @aCN@bPFT@c20040422 |
| 905 | @dTP3-42@eL759 | |
| 计算机基础学习指导与实训/柳逐文,唐铸文主编.-武汉:华中工学院出版社,2002.06 |
| 172页 |
| ISBN 7-5609-2821-8:CNY 15.80 |
| ● |
| 相关链接 |
|
|
|
正题名:计算机基础学习指导与实训
索取号:TP3-42/L759
 
预约/预借
| 序号 | 登录号 | 条形码 | 馆藏地/架位号 | 状态 | 备注 |
| 1 | 379513 | 203795134 | 自科库301/301自科库 44排7列1层/ [索取号:TP3-42/L759] | 在馆 | |
| 2 | 379514 | 203795143 | 自科库301/301自科库 44排7列1层/ [索取号:TP3-42/L759] | 在馆 | |
| 3 | 379515 | 203795152 | 自科二线404/404自科库 19排3列1层/ [索取号:TP3-42/L759] | 在馆 |